| 000 | 00546cam a22002171 4500 | ||
|---|---|---|---|
| 001 | sa 68005756 | ||
| 003 | DLC | ||
| 005 | 20260227112511.0 | ||
| 008 | 881102s1966 xx 000 0 urdo | ||
| 010 | _asa 68005756 | ||
| 035 | _a(OCoLC)23540636 | ||
| 040 |
_aDLC _cMiU _dDLC |
||
| 042 | _apremarc | ||
| 050 | 0 | 0 |
_aPK1971 _b.S38 |
| 100 | 1 | _aSaʻīd, Muḥammad, M. A. | |
| 245 | 1 | 0 | _aLisānī masāʼil aur naẓarīyāt. |
| 260 | _c[1966, i.e. 65] | ||
| 300 |
_a100 p. _bmaps. _c22 cm. |
||
| 500 | _aRomanized. | ||
| 650 | 0 | _aUrdu language | |
| 999 |
_c80937 _d80937 |
||